000 00538nam a22001457a 4500
008 100804s1990iir|||fr00| 000 0dEng d
082 _a671.35
_bADI
100 _917069
_aAdithan, M.
245 _aModern Machining Methods/
_cM. Adithan
260 _aNew Delhi:
_bS.Chand ,
_c1990
300 _axiii. 233 p:
_bill.;
_c20 cm
650 _917165
_aMachining
942 _2ddc
_cBB
999 _c14609
_d14609